Normal view
MARC view
Entry Personal Name
001 - CONTROL NUMBER
- control field: 40728
003 - CONTROL NUMBER IDENTIFIER
- control field: ARRUPE
005 - DATE AND TIME OF LATEST TRANSACTION
- control field: 20180316093111.0
008 - FIXED-LENGTH DATA ELEMENTS
- fixed length control field: 180316|| aca||aabn | a|a d
040 ## - CATALOGING SOURCE
- Original cataloging agency: ARRUPE
- Transcribing agency: ARRUPE
100 ## - HEADING--PERSONAL NAME
- Personal name: Cooper, Ursula
- Relator term: tr.
670 ## - SOURCE DATA FOUND
- Source citation: Work cat.: (ARRUPE): Aschwanden, Herbert 27349, Symbols of death:, 1987